Měnič kmitočtu VARISPEED V1000.

Uložené v:
Podrobná bibliografia
Médium: Kniha
Jazyk:Slovak
Czech
Vydané: [2008].
Vydanie:1. vyd.
Témy:
On-line prístup:http://www.proxy-nm.sk
Fyzický popis: 4 s. + 1 l.
Tagy: Pridať tag
Žiadne tagy, Buďte prvý kto otaguje tento záznam!

MARC

LEADER 00000nam#a22000003a#4500
001 000338192
003 SVKKK
005 20080716134744.0
008 070906s2008 xo |||| 0 slo#d
040 |a SVK  |b slo  |c SVK  |e AACR2 
041 0 # |a cze 
044 |a xr  |c CZ 
080 |a 621.314.26  |2 2001 
245 1 0 |a Měnič kmitočtu VARISPEED V1000. 
250 |a 1. vyd. 
260 # |c [2008]. 
300 |a 4 s. + 1 l. 
655 7 |a firemné prospekty  |2 SNKPH 
710 2 # |a PROXY, spol. s r. o.  |c Trenčianska 17, 915 01 Nové Mesto nad Váhom  |4 dst 
856 4 1 |u http://www.proxy-nm.sk 
910 |a svkkk 
998 |a FL 
090 |g SCKHL  |k SK42  |a 621.314.26  |j 217182  |i I12039  |4 zastaraná  |s Vyradená